The Shell Process Control Workshop /

Bibliographic Details
Corporate Author: Shell Process Control Workshop Houston, Tex.
Other Authors: Prett, David M., Morari, Manfred
Format: Conference Proceeding Book
Language:English
Published: Boston : Butterworths, [1987]
Subjects:

MARC

Tag First Indicator Second Indicator Subfields
LEADER 00000cam a2200000 a 4500
001 in00000012838
005 20151007051919.0
008 870601s1987 maua b 10110 eng
010 |a  87015822  
020 |a 0409901369 
035 |a (OCoLC)16004777 
035 |9 AAA5415AM 
040 |a DLC  |c DLC  |d TXA  |d UtOrBLW 
049 |a TXAM  |c [A12636199] 
050 0 0 |a TP155.75  |b .S49 1986 
082 0 |a 660.2/81  |2 19 
111 2 |a Shell Process Control Workshop  |d (1986 :  |c Houston, Tex.) 
245 1 4 |a The Shell Process Control Workshop /  |c [edited by] David M. Prett, Manfred Morari. 
264 1 |a Boston :  |b Butterworths,  |c [1987] 
264 4 |c ©1987 
300 |a xv, 369 pages :  |b illustrations ;  |c 25 cm. 
336 |a text  |b txt  |2 rdacontent 
337 |a unmediated  |b n  |2 rdamedia 
338 |a volume  |b nc  |2 rdacarrier 
504 |a Includes bibliographies and index. 
650 0 |a Chemical process control  |v Congresses. 
700 1 |a Prett, David M. 
700 1 |a Morari, Manfred. 
999 |a MARS 
999 f f |s c78f56b9-1911-3517-b252-66b5423fda6e  |i fe1f2496-381a-31b8-b800-9ca37d615e1f  |t 0 
952 f f |p ric  |a Texas A&M University  |b Rellis Campus  |c Joint Library Facility  |d Remote Storage  |t 0  |e TP155.75 .S49 1986  |h Library of Congress classification  |i unmediated -- volume  |m A14812636199 
998 f f |a TP155.75 .S49 1986  |t 0  |l Remote Storage